000 00492nam a2200169Ia 4500
999 _c26951
_d26951
003 OSt
005 20201125151143.0
008 190216s9999||||xx |||||||||||||| ||und||
040 _coclc
082 _a920
_bKUR/B
100 _aKurup, K Balakrishna
_96894
245 0 _aBertrand Russell /
_cK Balakrishna Kurup
260 _bPoorna Publication,
_aKozhikode;
300 _a143p
650 _aMalayalam-Malayalam Biography
942 _cBK
_2ddc
_h920
_iKUR/B
_k920
_mKUR/B